| 000 | 00824nam a22001337a 4500 | ||
|---|---|---|---|
| 040 | _cRUA | ||
| 082 | _aGRS DOE 2009 B356 Or.1 | ||
| 100 | _aDOEUN, CHANNY. | ||
| 245 | _alivelihood improvement of the poor family of action for research and developpment in phanom sruoch district kampong speu province ( ការកែលំអជីវភាពគ្រួសារកសិករក្រីក្រ នៅស្រុកភ្នំស្រួចខេត្តកំពង់ស្ពឺ របស់អង្គការសកម្មភាពដើម្បីស្រាវជ្រាវ និង អភិវឌ្ឍន៍) | ||
| 260 |
_aPhnom Penh _bRUA _c2010 |
||
| 300 |
_aviii, 41p. _bill. _c29cm. |
||
| 856 | _uhttps://drive.google.com/file/d/1QpzhgS5HGeRu1S7NYKekTCXD5vBsfBFT/view?usp=sharing | ||
| 942 | _cGRS | ||
| 999 |
_c6324 _d6324 |
||